| 000 | 00495nam a22001697a 4500 | ||
|---|---|---|---|
| 003 | BD-DhUL | ||
| 005 | 20171212145849.0 | ||
| 008 | 171212s1983 ii ||||| |||| 00| 0 urd d | ||
| 040 |
_aBD-DhUL _cBD-DhUL |
||
| 082 |
_a640 _bMUI |
||
| 100 | 0 | _aمسرت زمانی | |
| 245 | 0 |
_aعلم خانہ دارمی / _cمسرت زمانی |
|
| 260 |
_aعلی گڑھ : _bایجو کیشنل بک اؤس, _c۱۹۸۳۔ |
||
| 300 |
_aص۔ ۳۲۰ ؛ _c۱۶ سم۔. |
||
| 650 | _aGynecology | ||
| 942 |
_2ddc _cBK |
||
| 999 |
_c233036 _d233036 |
||